[Event "CEDIS Festival saha - 5. turnir"]
[Site "Podgorica"]
[Date "2025.10.17"]
[Round "1.1"]
[White "Rasovic, Uros"]
[Black "Pavlovic, David"]
[Result "1-0"]
[WhiteElo "2244"]
[BlackElo "1702"]
[PlyCount "115"]
[EventDate "2025.10.17"]
[EventType "swiss"]
[EventRounds "5"]
[EventCountry "MNE"]
[SourceVersionDate "2025.10.23"]

1. e4 c6 2. Nc3 d5 3. Nf3 dxe4 4. Nxe4 Nf6 5. Nxf6+ exf6 6. d4 Bd6 7. Be2 O-O 8. Be3 Bf5 9. O-O Nd7 10. c4 Re8 11. Rc1 Nf8 12. Qb3 Qc7 13. d5 c5 14. g3 b6 15. Rfe1 Ng6 16. Bd3 Bg4 17. Nd2 Ne5 18. Bf1 Bf5 19. f4 Ng4 20. Bf2 h6 21. Bd3 Qd7 22. Bxf5 Qxf5 23. Qb5 Rxe1+ 24. Rxe1 g6 25. Qc6 Rd8 26. Ne4 Qd7 27. Qxd7 Rxd7 28. h3 f5 29. hxg4 fxe4 30. Rxe4 Re7 31. Rxe7 Bxe7 32. Kg2 Bd6 33. Kf3 Kg7 34. g5 h5 35. Be1 Kf8 36. g4 hxg4+ 37. Kxg4 Ke7 38. Bc3 Kd7 39. Kf3 a6 40. b3 Be7 41. Ke4 Bf8 42. Be5 Be7 43. Bc3 Bd6 44. f5 Bh2 45. Be5 Bg1 46. Bc3 Bh2 47. Be5 Bg1 48. fxg6 fxg6 49. Kf3 Kc8 50. Ke4 Kd7 51. a3 Kc8 52. b4 Kd7 53. d6 Bf2 54. Kd5 Be3 55. Bf6 cxb4 56. axb4 Bd2 57. c5 Bxb4 58. c6+ 1-0

[Event "CEDIS Festival saha - 5. turnir"]
[Site "Podgorica"]
[Date "2025.10.17"]
[Round "1.2"]
[White "Lakusic, Zoran"]
[Black "Djukanovic, Sreten"]
[Result "0-1"]
[WhiteElo "1694"]
[BlackElo "2096"]
[PlyCount "26"]
[EventDate "2025.10.17"]
[EventType "swiss"]
[EventRounds "5"]
[EventCountry "MNE"]
[SourceVersionDate "2025.10.23"]

1. Nf3 c5 2. c4 Nc6 3. Nc3 g6 4. g3 Bg7 5. Bg2 e6 6. O-O Nge7 7. e3 Nf5 8. Re1 O-O 9. e4 Nfd4 10. d3 a6 11. h4 b5 12. h5 Rb8 13. Bg5 Nxf3+ 0-1

[Event "CEDIS Festival saha - 5. turnir"]
[Site "Podgorica"]
[Date "2025.10.17"]
[Round "1.3"]
[White "Abramovic, Dragoljub"]
[Black "Zarudniak, Elisei"]
[Result "1-0"]
[WhiteElo "1964"]
[BlackElo "1634"]
[PlyCount "95"]
[EventDate "2025.10.17"]
[EventType "swiss"]
[EventRounds "5"]
[EventCountry "MNE"]
[SourceVersionDate "2025.10.23"]

1. d4 Nf6 2. Bg5 d5 3. Bxf6 exf6 4. e3 Bf5 5. c4 c6 6. Qb3 Qa5+ 7. Nc3 Bb4 8. a3 Bxc3+ 9. bxc3 dxc4 10. Bxc4 Qc7 11. Nf3 O-O 12. O-O Nd7 13. Rfe1 Be4 14. Nd2 Bg6 15. a4 b6 16. Bf1 c5 17. Rac1 Rac8 18. Ba6 Rcd8 19. g3 Rfe8 20. Bb5 Re7 21. Ra1 Nb8 22. a5 a6 23. axb6 Qxb6 24. Bxa6 Qc7 25. Bf1 Nc6 26. Rec1 h6 27. Qa3 Na7 28. Nb3 cxd4 29. cxd4 Qd7 30. Nc5 Qd6 31. Qa6 Qxa6 32. Rxa6 Rc7 33. Rca1 Nc6 34. Ra8 Rxa8 35. Rxa8+ Kh7 36. h4 Re7 37. Ra6 Nb4 38. Rb6 Nd5 39. Rd6 Nc3 40. Rd7 Re8 41. Bd3 Ra8 42. Rxf7 Bxd3 43. Nxd3 Ne2+ 44. Kg2 Nxd4 45. exd4 Rd8 46. Nf4 Rxd4 47. Rxg7+ Kh8 48. Rg6 1-0

[Event "CEDIS Festival saha - 5. turnir"]
[Site "Podgorica"]
[Date "2025.10.17"]
[Round "1.4"]
[White "Markovic, Janko"]
[Black "Sijaric, Alvir"]
[Result "0-1"]
[WhiteElo "1502"]
[BlackElo "1953"]
[PlyCount "56"]
[EventDate "2025.10.17"]
[EventType "swiss"]
[EventRounds "5"]
[EventCountry "MNE"]
[SourceVersionDate "2025.10.23"]

1. d4 Nf6 2. Nf3 d5 3. Bg5 Ne4 4. Bf4 c5 5. e3 Nc6 6. c3 Qb6 7. Qc2 cxd4 8. exd4 Bf5 9. Bd3 Rc8 10. Qb3 e6 11. Qxb6 axb6 12. Bxe4 Bxe4 13. Nbd2 Bd3 14. Ne5 Nxe5 15. Bxe5 f6 16. Bg3 h5 17. h4 b5 18. Nf3 b4 19. Rc1 bxc3 20. bxc3 Ba3 21. Rd1 Bc2 22. Rd2 Rxc3 23. O-O Kd7 24. Re1 Rhc8 25. Rde2 Bf5 26. Re3 Bc1 27. R3e2 R8c6 28. Nd2 Bd3 0-1

[Event "CEDIS Festival saha - 5. turnir"]
[Site "Podgorica"]
[Date "2025.10.17"]
[Round "1.5"]
[White "Vujadinovic, Zeljko"]
[Black "Vukovic, Stefan"]
[Result "1-0"]
[WhiteElo "1830"]
[BlackElo "1498"]
[PlyCount "69"]
[EventDate "2025.10.17"]
[EventType "swiss"]
[EventRounds "5"]
[EventCountry "MNE"]
[SourceVersionDate "2025.10.23"]

1. d4 d5 2. Nf3 e6 3. c3 Nf6 4. Bg5 Be7 5. Bxf6 Bxf6 6. e3 Nc6 7. Bd3 Qe7 8. Nbd2 e5 9. dxe5 Nxe5 10. Nxe5 Bxe5 11. Nf3 Bf6 12. O-O O-O 13. h3 c5 14. Qc2 g6 15. Rad1 Bg7 16. Rfe1 Be6 17. b3 b6 18. c4 dxc4 19. Bxc4 Bxc4 20. Qxc4 Rfd8 21. Qc2 Rxd1 22. Rxd1 Rd8 23. Rxd8+ Qxd8 24. Qd2 Qxd2 25. Nxd2 Be5 26. Kf1 f5 27. Ke2 Kf7 28. Kd3 Ke6 29. Kc4 Bb8 30. Nf3 h6 31. Kb5 Bc7 32. Ka6 b5 33. Kxb5 Bb6 34. a4 Kd5 35. Nh4 1-0

[Event "CEDIS Festival saha - 5. turnir"]
[Site "Podgorica"]
[Date "2025.10.18"]
[Round "2.1"]
[White "Koprivica, Andrija"]
[Black "Rasovic, Uros"]
[Result "0-1"]
[WhiteElo "1785"]
[BlackElo "2244"]
[PlyCount "62"]
[EventDate "2025.10.17"]
[EventType "swiss"]
[EventRounds "5"]
[EventCountry "MNE"]
[SourceVersionDate "2025.10.23"]

1. e4 c5 2. Nc3 d6 3. g3 g6 4. Bg2 Bg7 5. d3 Nf6 6. Nge2 Nc6 7. Be3 O-O 8. O-O Ng4 9. Qd2 Nxe3 10. fxe3 Rb8 11. Nd1 b5 12. c3 Qb6 13. Nf2 c4 14. d4 b4 15. Nf4 e6 16. Rfd1 Ne7 17. Bf1 Ba6 18. Rdc1 bxc3 19. bxc3 e5 20. Ne2 Bh6 21. Ng4 Bg7 22. Qd1 f5 23. exf5 Nxf5 24. Rcb1 Qa5 25. e4 Rxb1 26. Rxb1 h5 27. exf5 hxg4 28. fxg6 exd4 29. Nxd4 Qxc3 30. Nf5 Rxf5 31. Bg2 Qd4+ 0-1

[Event "CEDIS Festival saha - 5. turnir"]
[Site "Podgorica"]
[Date "2025.10.18"]
[Round "2.2"]
[White "Svrkota, Milos"]
[Black "Vujadinovic, Zeljko"]
[Result "0-1"]
[WhiteElo "1713"]
[BlackElo "1830"]
[PlyCount "86"]
[EventDate "2025.10.17"]
[EventType "swiss"]
[EventRounds "5"]
[EventCountry "MNE"]
[SourceVersionDate "2025.10.23"]

1. e4 b6 2. d4 d6 3. f4 g6 4. Nf3 Bg7 5. c3 e6 6. Bb5+ Bd7 7. Bxd7+ Nxd7 8. Qe2 Ne7 9. Nbd2 O-O 10. h4 h5 11. Nf1 Nf6 12. Bd2 Ng4 13. N1h2 Nh6 14. Ng5 d5 15. e5 Nef5 16. Qf2 Rc8 17. Be3 c5 18. Rg1 Nxe3 19. Qxe3 cxd4 20. Qxd4 Re8 21. g4 hxg4 22. Nxg4 Nxg4 23. Rxg4 Bh6 24. O-O-O Bxg5 25. Rxg5 Kf8 26. h5 gxh5 27. Rxh5 Rc4 28. Qxc4 dxc4 29. Rxd8 Rxd8 30. Rh8+ Ke7 31. Rxd8 Kxd8 32. Kd2 Kc7 33. Ke3 Kc6 34. Ke4 Kc5 35. f5 b5 36. a3 a6 37. f6 a5 38. Ke3 Kd5 39. Kf4 a4 40. Kg4 Kxe5 41. Kg5 Kd6 42. Kh6 e5 43. Kg7 Ke6 0-1

[Event "CEDIS Festival saha - 5. turnir"]
[Site "Podgorica"]
[Date "2025.10.18"]
[Round "2.3"]
[White "Sekulic, Nikola"]
[Black "Vujovic, Viktor"]
[Result "1/2-1/2"]
[WhiteElo "1970"]
[BlackElo "1735"]
[PlyCount "162"]
[EventDate "2025.10.17"]
[EventType "swiss"]
[EventRounds "5"]
[EventCountry "MNE"]
[SourceVersionDate "2025.10.23"]

1. e4 e5 2. Nf3 Nc6 3. Bc4 Nf6 4. Nc3 Nxe4 5. Bxf7+ Kxf7 6. Nxe4 d5 7. Nfg5+ Kg8 8. Qh5 Qe7 9. Nc3 Be6 10. Nxe6 Qxe6 11. O-O Bc5 12. Na4 Bd6 13. d3 Rf8 14. Bd2 Rf5 15. Qd1 h5 16. Nc3 Qf7 17. Ne2 h4 18. h3 g5 19. f3 Ne7 20. d4 Ng6 21. dxe5 Bxe5 22. Bc3 c5 23. Bxe5 Nxe5 24. b3 d4 25. Qd2 b6 26. Rae1 Rh6 27. c3 d3 28. Nc1 Rd6 29. c4 b5 30. cxb5 c4 31. Rd1 Qc7 32. Qc3 Qb6+ 33. Kh1 Qxb5 34. bxc4 Qxc4 35. Qxc4+ Nxc4 36. Rxd3 Rxd3 37. Nxd3 Ra5 38. Rf2 Kg7 39. f4 Kh6 40. Kh2 Rf5 41. Rc2 Ne3 42. Rc6+ Kh5 43. g4+ hxg3+ 44. Kxg3 Nd5 45. Rc5 Ne7 46. Rc7 gxf4+ 47. Nxf4+ Rxf4 48. Rxe7 Ra4 49. Re5+ Kh6 50. Re2 Kh5 51. Rh2 Ra3+ 52. Kf4 Kh4 53. Ke4 Kg3 54. Rb2 Ra4+ 55. Kd5 Kxh3 56. Kc5 Kg3 57. Kb5 Rf4 58. a4 Rf6 59. Rb4 Kf3 60. a5 Ke3 61. Rc4 Kd3 62. Rc6 Rf1 63. Rc7 Kd4 64. Rd7+ Ke5 65. Ka6 Ra1 66. Rxa7 Kd6 67. Rh7 Ra2 68. Kb6 Rb2+ 69. Ka7 Kc6 70. a6 Ra2 71. Rb7 Ra1 72. Rb2 Ra3 73. Rc2+ Kd7 74. Kb7 Rb3+ 75. Ka8 Ra3 76. Ka7 Ra1 77. Rc5 Rb1 78. Ka8 Ra1 79. a7 Rb1 80. Rh5 Kc8 81. Rh8+ Kc7 1/2-1/2

[Event "CEDIS Festival saha - 5. turnir"]
[Site "Podgorica"]
[Date "2025.10.18"]
[Round "2.4"]
[White "Petric, Relja"]
[Black "Lakusic, Zoran"]
[Result "0-1"]
[WhiteElo "1542"]
[BlackElo "1694"]
[PlyCount "68"]
[EventDate "2025.10.17"]
[EventType "swiss"]
[EventRounds "5"]
[EventCountry "MNE"]
[SourceVersionDate "2025.10.23"]

1. d4 Nf6 2. Nf3 e6 3. e3 d5 4. Bd3 g6 5. b3 Bg7 6. Bb2 a6 7. c4 O-O 8. Nbd2 Nbd7 9. cxd5 exd5 10. Rc1 Re8 11. Qc2 c6 12. O-O Nf8 13. Rfe1 Ng4 14. h3 Nh6 15. e4 dxe4 16. Nxe4 Nf5 17. d5 cxd5 18. Nf6+ Bxf6 19. Rxe8 Qxe8 20. Bxf6 Nd7 21. Re1 Qf8 22. Bb2 Nc5 23. Qc3 f6 24. Bxf5 Bxf5 25. Ng5 Ne4 26. Nxe4 dxe4 27. f3 Rc8 28. Qd2 Qc5+ 29. Bd4 Qd5 30. fxe4 Bxe4 31. Qe3 f5 32. Rd1 Rc2 33. Qh6 Rxg2+ 34. Kf1 Qb5+ 0-1

[Event "CEDIS Festival saha - 5. turnir"]
[Site "Podgorica"]
[Date "2025.10.18"]
[Round "2.5"]
[White "Zarudniak, Elisei"]
[Black "Agic, Zejn"]
[Result "1-0"]
[WhiteElo "1634"]
[BlackElo "1484"]
[PlyCount "73"]
[EventDate "2025.10.17"]
[EventType "swiss"]
[EventRounds "5"]
[EventCountry "MNE"]
[SourceVersionDate "2025.10.23"]

1. e4 e5 2. Nf3 Nc6 3. Bb5 d6 4. d4 Bd7 5. O-O Nf6 6. Re1 Be7 7. c3 O-O 8. Bg5 h6 9. Bh4 Nxd4 10. cxd4 Bxb5 11. Nc3 Bc6 12. dxe5 dxe5 13. Nxe5 Qxd1 14. Raxd1 Rfe8 15. Nxc6 bxc6 16. f4 Bc5+ 17. Bf2 Bb4 18. Rd4 Bc5 19. Rc4 Bxf2+ 20. Kxf2 Rab8 21. b3 Rbd8 22. Re2 Rd3 23. h3 Nh5 24. e5 Ng3 25. Re3 Rxe3 26. Kxe3 Nf5+ 27. Kf2 Ne7 28. Ra4 Nc8 29. Ra6 Re6 30. Ne4 f5 31. Nc5 Rg6 32. e6 Nb6 33. Rxa7 Nd5 34. Ra8+ Kh7 35. Nd7 Nb6 36. Rb8 Rxe6 37. Nf8+ 1-0

[Event "CEDIS Festival saha - 5. turnir"]
[Site "Podgorica"]
[Date "2025.10.18"]
[Round "2.6"]
[White "Vukovic, Stefan"]
[Black "Markovic, Janko"]
[Result "1-0"]
[WhiteElo "1498"]
[BlackElo "1502"]
[PlyCount "57"]
[EventDate "2025.10.17"]
[EventType "swiss"]
[EventRounds "5"]
[EventCountry "MNE"]
[SourceVersionDate "2025.10.23"]

1. d4 Nf6 2. Nf3 d5 3. g3 e6 4. Bg2 c5 5. e3 Be7 6. b3 O-O 7. O-O cxd4 8. exd4 Bd7 9. Re1 Bd6 10. Bg5 Nc6 11. Ne5 Ne7 12. Nxd7 Qxd7 13. Bxf6 gxf6 14. c4 e5 15. Nc3 Bb4 16. Rc1 dxc4 17. dxe5 Qxd1 18. Rexd1 fxe5 19. bxc4 Rab8 20. Nd5 Nxd5 21. Rxd5 f6 22. Rb5 Bd6 23. Rxb7 Rxb7 24. Bxb7 Rb8 25. c5 Rxb7 26. cxd6 Rd7 27. Rc8+ Kg7 28. Rc7 Rf7 29. d7 1-0

[Event "CEDIS Festival saha - 5. turnir"]
[Site "Podgorica"]
[Date "2025.10.18"]
[Round "3.1"]
[White "Djukanovic, Sreten"]
[Black "Vujadinovic, Zeljko"]
[Result "1/2-1/2"]
[WhiteElo "2096"]
[BlackElo "1830"]
[PlyCount "99"]
[EventDate "2025.10.17"]
[EventType "swiss"]
[EventRounds "5"]
[EventCountry "MNE"]
[SourceVersionDate "2025.10.23"]

1. d4 b6 2. e4 d6 3. Nc3 c5 4. Nf3 e6 5. a4 a6 6. Be2 Bb7 7. O-O Be7 8. d5 exd5 9. Nxd5 Nf6 10. Bc4 Nc6 11. Bf4 Nxd5 12. Bxd5 O-O 13. Qd2 Qc7 14. Rad1 Rad8 15. c3 Rd7 16. b4 Rfd8 17. a5 Ne5 18. axb6 Nxf3+ 19. gxf3 Qxb6 20. Qe3 Bf6 21. Rd2 Bxd5 22. Rxd5 Qa7 23. bxc5 dxc5 24. Rfd1 Rxd5 25. Rxd5 Rxd5 26. exd5 h6 27. Qe8+ Kh7 28. d6 Qb7 29. Kg2 g5 30. Be3 g4 31. Qe4+ Qxe4 32. fxe4 Bxc3 33. Bxc5 Ba5 34. Kg3 Kg6 35. Kxg4 f5+ 36. exf5+ Kf6 37. d7 Bd8 38. Kf4 a5 39. Ke4 a4 40. f4 h5 41. Bd6 Kf7 42. h3 Kf6 43. Be5+ Ke7 44. f6+ Ke6 45. Bd4 a3 46. Be5 a2 47. Bc3 Bc7 48. Bb2 Bd8 49. Be5 Bb6 50. Bc3 1/2-1/2

[Event "CEDIS Festival saha - 5. turnir"]
[Site "Podgorica"]
[Date "2025.10.18"]
[Round "3.2"]
[White "Sijaric, Alvir"]
[Black "Abramovic, Dragoljub"]
[Result "1/2-1/2"]
[WhiteElo "1953"]
[BlackElo "1964"]
[PlyCount "90"]
[EventDate "2025.10.17"]
[EventType "swiss"]
[EventRounds "5"]
[EventCountry "MNE"]
[SourceVersionDate "2025.10.23"]

1. d4 Nf6 2. c4 e6 3. g3 Bb4+ 4. Bd2 Qe7 5. Nf3 b6 6. Bg2 Bb7 7. Nc3 Bxc3 8. Bxc3 Ne4 9. Rc1 O-O 10. O-O Nxc3 11. Rxc3 d6 12. b4 Nd7 13. Qc2 c5 14. dxc5 dxc5 15. b5 Bxf3 16. Bxf3 Rad8 17. a4 Ne5 18. Bg2 Rd6 19. f4 Ng6 20. Rd1 Rfd8 21. Rcd3 Nf8 22. Qc3 f6 23. Bc6 Kf7 24. Kg2 g6 25. e4 Qc7 26. h4 Ke7 27. Kf3 a6 28. Ke3 axb5 29. axb5 Rxd3+ 30. Rxd3 Rxd3+ 31. Kxd3 Qd6+ 32. Ke3 e5 33. Bd5 Ne6 34. fxe5 fxe5 35. Qa1 h6 36. Qa8 Qd8 37. Qb7+ Qc7 38. Qa8 Qd8 39. Qc6 Qd6 40. Qxd6+ Kxd6 41. Bxe6 Kxe6 42. g4 Kf6 43. Kf3 Ke6 44. Ke3 Kf6 45. Kf3 Ke6 1/2-1/2

[Event "CEDIS Festival saha - 5. turnir"]
[Site "Podgorica"]
[Date "2025.10.18"]
[Round "3.3"]
[White "Lakusic, Zoran"]
[Black "Sekulic, Nikola"]
[Result "1/2-1/2"]
[WhiteElo "1694"]
[BlackElo "1970"]
[PlyCount "127"]
[EventDate "2025.10.17"]
[EventType "swiss"]
[EventRounds "5"]
[EventCountry "MNE"]
[SourceVersionDate "2025.10.23"]

1. Nf3 Nf6 2. c4 g6 3. Nc3 c5 4. g3 Bg7 5. Bg2 O-O 6. e4 d6 7. O-O Nc6 8. d3 Nd7 9. a3 Rb8 10. Rb1 a6 11. Be3 e5 12. Nd5 Nd4 13. Ng5 h6 14. Nh3 Nf6 15. Nxf6+ Qxf6 16. f4 Qe7 17. Bxd4 cxd4 18. f5 g5 19. Nf2 f6 20. Bf3 Bd7 21. Kg2 b5 22. Rh1 Rfc8 23. h4 bxc4 24. hxg5 hxg5 25. dxc4 Rxc4 26. Be2 Rc6 27. b4 Be8 28. Bh5 Rc3 29. Bg6 Bxg6 30. fxg6 Qe8 31. Qh5 Qc6 32. Qg4 Qc8 33. Qh5 Rc2 34. Qf3 d5 35. Kg1 Rc3 36. Qd1 Rxg3+ 37. Kh2 Rc3 38. Rc1 Rxc1 39. Qxc1 Qxc1 40. Rxc1 dxe4 41. Nxe4 Rb6 42. Rc8+ Bf8 43. Nc5 Rd6 44. Ne4 Rb6 45. Nc5 Kg7 46. Rxf8 Kxf8 47. Nd7+ Kg7 48. Nxb6 Kxg6 49. a4 Kf7 50. b5 a5 51. Nc4 Ke6 52. b6 Kd7 53. Kg3 Kc6 54. Kf3 f5 55. Nxa5+ Kxb6 56. Nc4+ Kc5 57. Nxe5 Kd5 58. a5 Kc5 59. a6 Kb6 60. a7 Kb7 61. Nf7 g4+ 62. Kf4 Kxa7 63. Nh6 d3 64. Nxf5 1/2-1/2

[Event "CEDIS Festival saha - 5. turnir"]
[Site "Podgorica"]
[Date "2025.10.18"]
[Round "3.5"]
[White "Vujovic, Viktor"]
[Black "Zarudniak, Elisei"]
[Result "0-1"]
[WhiteElo "1735"]
[BlackElo "1634"]
[PlyCount "64"]
[EventDate "2025.10.17"]
[EventType "swiss"]
[EventRounds "5"]
[EventCountry "MNE"]
[SourceVersionDate "2025.10.23"]

1. e4 c5 2. c3 d5 3. exd5 Qxd5 4. d4 e5 5. Nf3 Bg4 6. Be2 cxd4 7. cxd4 e4 8. Nfd2 Bxe2 9. Qxe2 Bb4 10. Nc3 Bxc3 11. bxc3 f5 12. Nc4 Nf6 13. Ba3 Kd7 14. O-O Nc6 15. Ne5+ Nxe5 16. dxe5 Qxe5 17. Rfd1+ Ke6 18. Qc4+ Nd5 19. Rd4 Rhd8 20. Rad1 Rd7 21. Qb3 Rad8 22. c4 Nb6 23. c5+ Nd5 24. Bb2 Qc7 25. Ba3 Qc6 26. f3 e3 27. Re1 Kf6 28. Bb2 Kg6 29. Qc4 b6 30. cxb6 Qxb6 31. Bc1 Qa5 32. Re2 Rc7 0-1

[Event "CEDIS Festival saha - 5. turnir"]
[Site "Podgorica"]
[Date "2025.10.18"]
[Round "3.6"]
[White "Vukovic, Stefan"]
[Black "Svrkota, Milos"]
[Result "0-1"]
[WhiteElo "1498"]
[BlackElo "1713"]
[PlyCount "54"]
[EventDate "2025.10.17"]
[EventType "swiss"]
[EventRounds "5"]
[EventCountry "MNE"]
[SourceVersionDate "2025.10.23"]

1. g3 Nf6 2. Nf3 d5 3. d4 e6 4. Bg2 Be7 5. c4 Nbd7 6. cxd5 exd5 7. Nc3 c6 8. Bf4 O-O 9. Ne5 Qb6 10. Nxd7 Bxd7 11. Qd2 Rfe8 12. O-O Bf5 13. Rfe1 Bf8 14. Be5 Nd7 15. Bf4 g6 16. a3 Bg7 17. Be3 Nf6 18. Rac1 Ng4 19. Na4 Qb5 20. Nc3 Qb6 21. Na4 Qd8 22. Rc3 Qa5 23. Nc5 Nxe3 24. Nb3 Qb6 25. Rxe3 Rxe3 26. Qxe3 Bc2 27. Na1 Bxd4 0-1

[Event "CEDIS Festival saha - 5. turnir"]
[Site "Podgorica"]
[Date "2025.10.18"]
[Round "3.7"]
[White "Pavlovic, David"]
[Black "Petric, Relja"]
[Result "0-1"]
[WhiteElo "1702"]
[BlackElo "1542"]
[PlyCount "106"]
[EventDate "2025.10.17"]
[EventType "swiss"]
[EventRounds "5"]
[EventCountry "MNE"]
[SourceVersionDate "2025.10.23"]

1. e4 c5 2. Nc3 g6 3. Nf3 Nc6 4. d4 cxd4 5. Nxd4 Bg7 6. Nxc6 bxc6 7. Bd3 d6 8. O-O Nf6 9. Kh1 O-O 10. h3 d5 11. exd5 cxd5 12. Bg5 e5 13. Be2 Bb7 14. Bf3 e4 15. Be2 Re8 16. f4 d4 17. Nb1 Qd7 18. Bxf6 Bxf6 19. Bg4 Qd5 20. Na3 h5 21. Be2 d3 22. cxd3 Bxb2 23. dxe4 Qxd1 24. Raxd1 Bxa3 25. e5 Rac8 26. Rd2 Red8 27. Rfd1 Rxd2 28. Rxd2 Rc1+ 29. Kh2 Bc5 30. Bd1 Kf8 31. Rd7 Bc6 32. Rd2 Be3 33. Rc2 Rxc2 34. Bxc2 Bxf4+ 35. Kg1 Bxe5 36. Bb3 Bg3 37. Kf1 Bb5+ 38. Kg1 Ke7 39. Bd5 f5 40. Bb3 g5 41. Bd1 g4 42. hxg4 fxg4 43. Bc2 Be2 44. Bb1 h4 45. Bf5 Kf6 46. Bd7 Kg5 47. a4 Bd3 48. Bc8 Bf5 49. Bb7 h3 50. a5 Kf4 51. a6 Be4 52. Bc8 Bf2+ 53. Kxf2 h2 0-1

[Event "CEDIS Festival saha - 5. turnir"]
[Site "Podgorica"]
[Date "2025.10.18"]
[Round "3.8"]
[White "Markovic, Janko"]
[Black "Agic, Zejn"]
[Result "1/2-1/2"]
[WhiteElo "1502"]
[BlackElo "1484"]
[PlyCount "75"]
[EventDate "2025.10.17"]
[EventType "swiss"]
[EventRounds "5"]
[EventCountry "MNE"]
[SourceVersionDate "2025.10.23"]

1. d4 d5 2. Nf3 Nf6 3. Bg5 Nc6 4. e3 Bf5 5. Nh4 Bd7 6. Bd3 h6 7. Bxf6 exf6 8. c3 Bd6 9. Nf3 Qe7 10. Nbd2 O-O 11. O-O Nd8 12. Re1 f5 13. Qc2 g6 14. c4 c6 15. Nb3 Be6 16. c5 Bc7 17. Nbd2 Qf6 18. b4 Bd7 19. a4 Ne6 20. Ra2 Ng5 21. Rea1 Nxf3+ 22. Nxf3 Kh7 23. b5 Rfe8 24. bxc6 Bxc6 25. Bb5 g5 26. Bd3 Bd7 27. Rb2 Rab8 28. Rab1 Bc8 29. c6 b6 30. g4 h5 31. Bxf5+ Kg7 32. Bxc8 Qxf3 33. Qf5 Qh3 34. Qxg5+ Kh8 35. Qf6+ Kg8 36. Qg5+ Kh8 37. Qf6+ Kg8 38. Qg5+ 1/2-1/2

[Event "CEDIS Festival saha - 5. turnir"]
[Site "Podgorica"]
[Date "2025.10.19"]
[Round "4.1"]
[White "Vujadinovic, Zeljko"]
[Black "Rasovic, Uros"]
[Result "0-1"]
[WhiteElo "1830"]
[BlackElo "2244"]
[PlyCount "70"]
[EventDate "2025.10.17"]
[EventType "swiss"]
[EventRounds "5"]
[EventCountry "MNE"]
[SourceVersionDate "2025.10.23"]

1. d4 Nf6 2. Nf3 g6 3. Bg5 Bg7 4. e3 O-O 5. Be2 c5 6. c3 d5 7. O-O Qb6 8. Qb3 Bf5 9. Nbd2 Nc6 10. dxc5 Qxc5 11. Nd4 Bd7 12. f4 b6 13. Bh4 Rfe8 14. Bf2 Ng4 15. Bxg4 Bxg4 16. h3 Bd7 17. N2f3 Qa5 18. Qd1 Nxd4 19. exd4 Bf5 20. g4 Be4 21. Ng5 f5 22. gxf5 Bxf5 23. h4 Qb5 24. Qd2 Qd7 25. Kh2 Bf6 26. Rae1 h6 27. Nf3 Be4 28. Ne5 Qf5 29. Qe3 Kh7 30. Qg3 Rg8 31. Qg4 Bxe5 32. Qxf5 gxf5 33. dxe5 Rg2+ 34. Kh3 Rag8 35. Re3 R8g4 0-1

[Event "CEDIS Festival saha - 5. turnir"]
[Site "Podgorica"]
[Date "2025.10.19"]
[Round "4.2"]
[White "Koprivica, Andrija"]
[Black "Djukanovic, Sreten"]
[Result "1/2-1/2"]
[WhiteElo "1785"]
[BlackElo "2096"]
[PlyCount "92"]
[EventDate "2025.10.17"]
[EventType "swiss"]
[EventRounds "5"]
[EventCountry "MNE"]
[SourceVersionDate "2025.10.23"]

1. e4 c5 2. d4 cxd4 3. Nf3 a6 4. Nxd4 e5 5. Nf3 Nf6 6. Bd3 d5 7. Qe2 dxe4 8. Bxe4 Nxe4 9. Qxe4 Nc6 10. Nc3 f5 11. Qd5 Qxd5 12. Nxd5 Bd6 13. Nb6 Rb8 14. Nxc8 Rxc8 15. c3 e4 16. Nd2 Ne5 17. O-O Nd3 18. Nb3 O-O 19. Rb1 f4 20. Rd1 Bc7 21. Nd4 Bb6 22. f3 Bxd4+ 23. cxd4 Nxc1 24. Rbxc1 e3 25. Rc3 Kf7 26. Kf1 Rxc3 27. bxc3 Rc8 28. Rc1 b5 29. Ke2 Ke6 30. Kd3 Rc4 31. Rc2 Kd5 32. g3 b4 33. gxf4 e2 34. Kxe2 bxc3 35. Ke3 g6 36. a3 a5 37. a4 Rxd4 38. Rxc3 Rxa4 39. Rc7 Ra3+ 40. Kf2 Ke6 41. Rxh7 Rb3 42. Ra7 Rb5 43. Kg3 Kf6 44. h4 Rc5 45. Kg4 Rb5 46. Ra6+ Kf7 1/2-1/2

[Event "CEDIS Festival saha - 5. turnir"]
[Site "Podgorica"]
[Date "2025.10.19"]
[Round "4.3"]
[White "Abramovic, Dragoljub"]
[Black "Svrkota, Milos"]
[Result "1-0"]
[WhiteElo "1964"]
[BlackElo "1713"]
[PlyCount "121"]
[EventDate "2025.10.17"]
[EventType "swiss"]
[EventRounds "5"]
[EventCountry "MNE"]
[SourceVersionDate "2025.10.23"]

1. d4 d5 2. Nf3 Nf6 3. Bf4 e6 4. e3 Be7 5. Nbd2 O-O 6. Bd3 c5 7. c3 b6 8. Qe2 Bb7 9. O-O Nbd7 10. h3 c4 11. Bc2 b5 12. a3 a5 13. Ne5 Nxe5 14. Bxe5 Nd7 15. Nf3 Nxe5 16. Nxe5 f6 17. Qh5 f5 18. Qe2 Bd6 19. f4 Qe7 20. g4 Bxe5 21. fxe5 Qh4 22. Kg2 Qg5 23. Rf4 h5 24. Raf1 fxg4 25. Rxf8+ Rxf8 26. Bh7+ Kxh7 27. Rxf8 gxh3+ 28. Kxh3 Qg6 29. Qf3 Bc6 30. Rf4 Be8 31. e4 Bc6 32. Rh4 Kh6 33. Qf4+ Qg5 34. Qxg5+ Kxg5 35. exd5 Bxd5 36. Kg3 a4 37. Rf4 Bc6 38. Rf7 g6 39. Rf8 h4+ 40. Kh3 Be4 41. Rb8 Bf5+ 42. Kh2 Kf4 43. Rxb5 g5 44. d5 Kxe5 45. dxe6+ Kxe6 46. Rc5 g4 47. Rxc4 Ke5 48. Rxa4 Be4 49. Ra5+ Kf4 50. Rh5 g3+ 51. Kh3 g2 52. Rxh4+ Kf3 53. Kh2 Kf2 54. Rf4+ Bf3 55. Rxf3+ Kxf3 56. Kg1 Ke4 57. Kxg2 Kd5 58. a4 Kc4 59. a5 Kb5 60. b4 Ka6 61. c4 1-0

[Event "CEDIS Festival saha - 5. turnir"]
[Site "Podgorica"]
[Date "2025.10.19"]
[Round "4.4"]
[White "Zarudniak, Elisei"]
[Black "Sijaric, Alvir"]
[Result "0-1"]
[WhiteElo "1634"]
[BlackElo "1953"]
[PlyCount "90"]
[EventDate "2025.10.17"]
[EventType "swiss"]
[EventRounds "5"]
[EventCountry "MNE"]
[SourceVersionDate "2025.10.23"]

1. e4 c6 2. Nf3 d5 3. exd5 cxd5 4. Ne5 Nc6 5. d4 Nf6 6. c3 g6 7. Bd3 Bg7 8. O-O Nxe5 9. dxe5 Ng4 10. Bb5+ Kf8 11. Bf4 Nxe5 12. Re1 Nc6 13. Ba4 h6 14. Bb3 e5 15. Bg3 Be6 16. f4 e4 17. Na3 f5 18. Nc2 Bf7 19. Bf2 Qd6 20. g3 Rd8 21. Nd4 Bf6 22. Nb5 Qb8 23. a4 Kg7 24. Nd4 a6 25. Qd2 Rd7 26. Ba2 Qd6 27. Rad1 Rhd8 28. Kg2 Nxd4 29. Bxd4 Bxd4 30. Qxd4+ Qf6 31. Qxf6+ Kxf6 32. Rd4 g5 33. fxg5+ hxg5 34. Rf1 Ke5 35. Bb1 f4 36. Rfd1 Bh5 37. Re1 Bf3+ 38. Kf2 Rd6 39. Rd3 g4 40. h3 Rh8 41. h4 Rdh6 42. gxf4+ Kxf4 43. Rxd5 Rxh4 44. Rg1 Rh2+ 45. Ke1 Rh1 0-1

[Event "CEDIS Festival saha - 5. turnir"]
[Site "Podgorica"]
[Date "2025.10.19"]
[Round "4.5"]
[White "Sekulic, Nikola"]
[Black "Petric, Relja"]
[Result "1-0"]
[WhiteElo "1970"]
[BlackElo "1542"]
[PlyCount "93"]
[EventDate "2025.10.17"]
[EventType "swiss"]
[EventRounds "5"]
[EventCountry "MNE"]
[SourceVersionDate "2025.10.23"]

1. e4 c5 2. Nf3 d6 3. d4 cxd4 4. Nxd4 Nf6 5. Nc3 g6 6. Be3 Bg7 7. f3 O-O 8. Qd2 Nc6 9. O-O-O d5 10. Nxc6 bxc6 11. exd5 cxd5 12. Nxd5 Nxd5 13. Qxd5 Qc7 14. Qc5 Qb7 15. Bd4 Bxd4 16. Rxd4 Bf5 17. Qb5 Qc7 18. Bd3 Bxd3 19. Qxd3 Rfd8 20. g3 Rac8 21. Rxd8+ Rxd8 22. Qe2 e5 23. Re1 Qa5 24. a3 Qd5 25. Rd1 Qa5 26. Rxd8+ Qxd8 27. Qxe5 Qd7 28. g4 Qc6 29. Qe3 Qd6 30. f4 Qc6 31. h3 Qh1+ 32. Kd2 Qg2+ 33. Kc3 Qc6+ 34. Kb3 Qb5+ 35. Ka2 Qc4+ 36. Qb3 Qxf4 37. c4 Qd4 38. Qc2 f5 39. gxf5 gxf5 40. c5 Qd5+ 41. Qb3 Qxb3+ 42. Kxb3 Kf8 43. Kc4 f4 44. Kd4 f3 45. Ke3 Ke7 46. Kxf3 Ke6 47. Ke4 1-0